Práca z domu - alternatíva budúcnosti

Výhody a nevýhody práce z domu. Práca z domu nie je vhodná pre každého zamestnanca.

Gespeichert in:
Bibliographische Detailangaben
1. Verfasser: Rolková, Monika
Format: Buchkapitel
Sprache:Slowakisch
Schlagworte:
Tags: Tag hinzufügen
Keine Tags, Fügen Sie das erste Tag hinzu!

MARC

LEADER 00000naa a2200000 4500
001 0122009
005 20231120112908.2
041 0 |a slo 
044 |a SK 
245 1 0 |a Práca z domu - alternatíva budúcnosti  |c Monika Rolková 
520 |a Výhody a nevýhody práce z domu. Práca z domu nie je vhodná pre každého zamestnanca. 
610 2 0 |a práca z domu 
100 1 |a Rolková, Monika